Στοιχεία λογιστικής και ανάλυσης ισολογισμού : θεωρητική ανάπτυξη, πρακτική εφαρμογή
Αποθηκεύτηκε σε:
| Κύριος συγγραφέας: | |
|---|---|
| Μορφή: | Βιβλίο |
| Γλώσσα: | Greek |
| Δημοσίευση: |
Αθήνα :
Κ.& Π.Σμπίλιας,
1997
|
| Θέματα: | |
| Ετικέτες: |
Προσθήκη ετικέτας
Δεν υπάρχουν, Καταχωρήστε ετικέτα πρώτοι!
|
MARC
| LEADER | 00000nam a2200000 i 4500 | ||
|---|---|---|---|
| 001 | 1/19152 | ||
| 008 | 010403s1997 gre d | ||
| 020 | |a 960-255-089-9 | ||
| 035 | |l 10066750 | ||
| 040 | |a GR-MY-UA |b gre |e aacr | ||
| 041 | 0 | |a gre | |
| 082 | 0 | |a 657.3 | |
| 100 | 1 | |a Σιαφάκας, Αναστάσιος Γ. | |
| 245 | 1 | 0 | |a Στοιχεία λογιστικής και ανάλυσης ισολογισμού : |b θεωρητική ανάπτυξη, πρακτική εφαρμογή / |c Αναστασίου Γεωργ. Σιαφάκα |
| 260 | |a Αθήνα : |b Κ.& Π.Σμπίλιας, |c 1997 | ||
| 300 | |a 307 σ.; |c 28 cm. | ||
| 650 | 0 | 0 | |a Accounting. |
| 650 | 0 | 0 | |a Financial statements. |
| 852 | |a INST |b SAMOS |e 20010403 |h 657.3 ΣΙΑ |p 005300021192 |q 005300021192 |t BK |y 0 | ||
| 852 | |a INST |b SAMOS |e 20010403 |h 657.3 ΣΙΑ |p 005300021193 |q 005300021193 |t BK |y 0 | ||
| 852 | |a INST |b SAMOS |e 20010403 |h 657.3 ΣΙΑ |p 005300021194 |q 005300021194 |t BK |y 0 | ||
| 852 | |a INST |b SAMOS |e 20010403 |h 657.3 ΣΙΑ |p 005300021195 |q 005300021195 |t BK |y 0 | ||
| 852 | |a INST |b SAMOS |e 20010403 |h 657.3 ΣΙΑ |p 005300021196 |q 005300021196 |t BK |y 0 | ||
| 852 | |a INST |b SAMOS |e 20010403 |h 657.3 ΣΙΑ |p 005300021197 |q 005300021197 |t BK |y 23 | ||
| 901 | |a BIBL3-2001-1 | ||
| 909 | |a Σ |b 086251 | ||
| 909 | |a Σ |b 086252 | ||
| 909 | |a Σ |b 086253 | ||
| 909 | |a Σ |b 086255 | ||
| 909 | |a Σ |b 086254 | ||
| 909 | |a Σ |b 086250 | ||
| 922 | |a 3ΕΛΗ |b 200008 |c ΤΠΕΣ/ΠΟΛ2 |d LEADER | ||
| 970 | |a ΠΟΥΡΝΑΡΑΣ |b ΔΗΜΗΤΡΗΣ |z 2001/04/03 | ||